1766 1216 1180 1070 1474 1989 1506 1409 1173 1513 1511 1515 1694 1008 1888 1021 1726 1188 1025 1416 1073 1117 1666 1862 1129 1121 1810 1063 1984 1968 1535 1525 1226 1167 1973 1751 1988 1624 1395 1491 1861 1164 1250 1173 1298 1105 1129 1095 1344 1608 1846 1361 1227 1485 1471 1146 1590 1001 1538 1073 1316 1671 1809 1802 1027 1469 1768 1706 1817 1618 1167 1619 1075 1597 1796 1450 1849 1558 1887 1810 1770 1788 1110 1534 1684 1214 1916 1609 1454 1604 1876 1362 1174 1381 1281 1976 1470 1589 1256 BCNSPRNW ULIB Ver.6.0+V

เปลี่ยนเป็นภาษาไทย

Change to English
 แสดงรายละเอียดบรรณานุกรม
  กลับหน้าหลัก

Brief Record : Get Marc (ISO 2709) : E-mail record : QR code < ปิดหน้าต่าง
LEADER : 00000nam 2200000uu 4500
001    13399124784
003     ULIB
008    160323s2013||||th 000 0 eng d
020    ^a9781449645755
060    ^aWQ165^bT367c
100 0  ^aTharpe, Nell L.
245 00 ^aClinical Practice Guidelines for Midwifery & Women s Health /^b[edited by]Tharpe, Nell L.
250    ^a4th ed.
260    ^aU.S.A :^bJones & Bartiett Learning,^c2013
300    ^a622 p.
650  0 ^aMidwifery-methods-Practice Guideline 0^aGenital Diseases, Female-Practice Guideline 0^aPregnancy Complications-Practce Guideline 0^a
945    ^p4320^l0^i000333
999    ^aเกษร โพธิ์สุวรรณ
รายการนี้ยังไม่มีแท็ก
คุณยังไม่ได้ล็อกอิน คุณสามารถมีกิจกรรมร่วมกับเว็บไซต์ได้ แต่ต้องล็อกอินก่อน ::
  ล็อกอิน

รายการสื่อสารสนเทศ

ลำดับที่ ประเภท เลขเรียก/บาร์โค้ด สถานที่ สถานะ
1. วิทยาศาสตร์การแพทย์ และสุขภาพ
วิทยาศาสตร์การแพทย์ และสุขภาพ
WQ165 T367c ฉ.1 
  Barcode: 000333
ห้องสมุดวิทยาเขตสวรรค์ประชารักษ์
►หนังสือทั่วไป
บนชั้น

BibComment


ยังไม่เคยถูกคอมเมนท์

คอมเมนท์ทรัพยากรรายการนี้
  คอมเมนท์: Clinical Practic..


 Copyright 2026. Bcnsprnw @Library